| 000 | 00828cam a2200325 4500 | ||
|---|---|---|---|
| 001 | ABS65489 | ||
| 008 | 020612n2002 000 0 eng u | ||
| 035 | _a(Sirsi) u118398 | ||
| 245 | _aFocus 2002: Yorkshire & Humberside industrial | ||
| 260 | _c2002 | ||
| 490 |
_aEstates Gazette _v(0222) 1 June 2002, 65-87(14) |
||
| 590 | _aABS | ||
| 650 | _aYORKSHIRE | ||
| 650 | _aHUMBERSIDE | ||
| 650 | _aINDUSTRIAL MARKET | ||
| 650 | _aLEEDS | ||
| 650 | _aHULL | ||
| 650 | _aSHEFFIELD | ||
| 650 | _aDONCASTER | ||
| 650 | _aBRADFORD | ||
| 650 | _aYORK | ||
| 650 | _aDISTRIBUTION | ||
| 650 | _aINDUSTRIAL DEVELOPMENT | ||
| 650 | _aPUBLIC INVESTMENT | ||
| 650 | _aINVESTMENT | ||
| 650 | _aAIRPORTS | ||
| 650 | _aREGENERATION | ||
| 690 | _aPROPERTY-COMMERCIAL PROPERTY-COMMERCIAL PROPERTY MARKET | ||
| 942 | _n0 | ||
| 999 |
_c70476 _d70476 |
||